LEADER 00878nam0-22002891i-450- 001 990002851570403321 005 20140917122709.0 035 $a000285157 035 $aFED01000285157 035 $a(Aleph)000285157FED01 035 $a000285157 100 $a20030910d1994----km-y0itay50------ba 101 0 $aeng 102 $aGB 200 1 $aPrinciples of applied statistics$fMichael C. Fleming, Joseph G. Nellis 210 $aLondon$cRoutledge$d1994 215 $aXIX, 400 p.$d24 cm 225 1 $aRoutledge series in the principles of management$fedited by Joseph G. Nellis 700 1$aFleming,$bMichael C.$0104903 701 1$aNellis,$bJoseph G.$0104904 801 0$aIT$bUNINA$gRICA$2UNIMARC 901 $aBK 912 $a990002851570403321 952 $a9-1-144-TI$b4553 DEA$fECA 959 $aECA 996 $aPrinciples of applied statistics$9418520 997 $aUNINA LEADER 01296nam 2200301Ia 450 001 996396644503316 005 20221108084010.0 035 $a(CKB)4330000000330441 035 $a(EEBO)2240950493 035 $a(OCoLC)12099186 035 $a(EXLCZ)994330000000330441 100 $a19850531d1643 uy | 101 0 $aeng 135 $aurbn||||a|bb| 200 14$aThe nature, solemnity, grounds, property, and benefits of a sacred covenant$b[electronic resource] $etogether with the duties of those who enter into such a covenant : delivered in a sermon at Westminster at the publique convention, ordered by the honourable House of Commons, for the taking of the Covenant, by all such, of all degrees as willingly presented themselves, upon Friday Oct.b. 6, 1643 /$fIoseph Caryl .. 210 $aLondon $cPrinted by E.G. for John Rothwell and Giles Calvert ...$d1643 215 $a[4], 43 p 300 $aReproduction of original in Thomason Collection, British Library. 330 $aeebo-0158 700 $aCaryl$b Joseph$f1602-1673.$01003625 801 0$bEAA 801 1$bEAA 801 2$bUMI 801 2$bWaOLN 906 $aBOOK 912 $a996396644503316 996 $aThe nature, solemnity, grounds, property, and benefits, of a sacred covenant$92400041 997 $aUNISA